[Event "Chojnice op-B 2nd"]
[Site "Chojnice"]
[Date "2006.??.??"]
[Round "2"]
[White "Zielinski, Maciej"]
[Black "Wirkus, Jaroslaw"]
[Result "1-0"]
[WhiteElo "1898"]
[BlackElo "1800"]
[PlyCount "80"]
[EventDate "2006.07.??"]
[EventType "swiss"]
[EventRounds "9"]
[EventCountry "POL"]
[SourceTitle "EXT 2007"]
[Source "ChessBase"]
[SourceDate "2006.11.23"]
[SourceVersion "1"]
[SourceVersionDate "2006.11.23"]
[SourceQuality "1"]

1. e4 e5 2. Nf3 Nc6 3. Bc4 Bc5 4. c3 Nf6 5. d4 exd4 6. cxd4 Bb4+ 7. Bd2 Bxd2+ 8. Nbxd2 d5 9. exd5 Nxd5 10. Qb3 Nce7 11. 0-0 0-0 12. Rfe1 Nb6 13. Bxf7+ Rxf7 14. Ng5 Qd5 15. Nxf7 Qxb3 16. Nh6+ gxh6 17. Nxb3 Nbd5 18. Re2 Bf5 19. Rae1 Kf7 20. f3 Nc6 21. Nc5 Nf4 22. Rd2 Rd8 23. Nxb7 Rxd4 24. Rxd4 Nxd4 25. Nc5 Nfe6 26. Nxe6 Bxe6 27. Re4 Nc6 28. b3 a5 29. Kf2 Kf6 30. Re2 Nb4 31. Ke3 c5 32. Rd2 Ke5 33. g3 c4 34. f4+ Kf5 35. bxc4 Bxc4 36. a3 Nd5+ 37. Kd4 Bb3 38. Re2 Nxf4 39. gxf4 Kxf4 40. a4 Bxa4 1-0

[Event "Nuremberg-ch op 05th"]
[Site "Nuremberg"]
[Date "2005.05.08"]
[Round "5"]
[White "Wirkus, Jaroslaw"]
[Black "Leis, Stefan"]
[Result "0-1"]
[WhiteElo "1534"]
[BlackElo "1561"]
[PlyCount "62"]
[EventDate "2005.05.06"]
[EventType "swiss"]
[EventRounds "5"]
[EventCountry "GER"]
[SourceTitle "EXT 2007"]
[Source "ChessBase"]
[SourceDate "2006.11.23"]
[SourceVersion "1"]
[SourceVersionDate "2006.11.23"]
[SourceQuality "1"]

1. e4 e5 2. Nf3 Nc6 3. Bb5 d6 4. d4 exd4 5. Nxd4 Bd7 6. Be3 Nge7 7. Nc3 g6 8. Nd5 Bg7 9. 0-0 0-0 10. Bxc6 Nxc6 11. c3 Ne5 12. f4 Nc4 13. Bc1 c6 14. Ne3 Nxe3 15. Bxe3 Qe7 16. Qb3 Qxe4 17. Rae1 Rfe8 18. Qxb7 Red8 19. b4 Qd3 20. Nxc6 Bxc6 21. Qxc6 Bxc3 22. Bf2 Bxe1 23. Rxe1 Rac8 24. Qb7 Re8 25. Rxe8+ Rxe8 26. h3 Qb1+ 27. Kh2 Qxa2 28. Bd4 Qd2 29. Bxa7 Qxf4+ 30. Kh1 Re1+ 31. Bg1 Qd4 0-1

[Event "Nuremberg-ch op 05th"]
[Site "Nuremberg"]
[Date "2005.05.07"]
[Round "3"]
[White "Wirkus, Jaroslaw"]
[Black "Babichev, Vyacheslav"]
[Result "0-1"]
[WhiteElo "1534"]
[BlackElo "1722"]
[PlyCount "136"]
[EventDate "2005.05.06"]
[EventType "swiss"]
[EventRounds "5"]
[EventCountry "GER"]
[SourceTitle "EXT 2007"]
[Source "ChessBase"]
[SourceDate "2006.11.23"]
[SourceVersion "1"]
[SourceVersionDate "2006.11.23"]
[SourceQuality "1"]

1. c4 Nf6 2. Nc3 g6 3. Nf3 Bg7 4. e4 d6 5. d4 0-0 6. Be2 e5 7. d5 Nh5 8. 0-0 Nf4 9. Re1 Nxe2+ 10. Qxe2 a6 11. Bg5 f6 12. Be3 c5 13. Nd2 f5 14. f4 Qb6 15. Rab1 Qc7 16. Nf3 fxe4 17. Nxe4 exf4 18. Bd2 Bd7 19. Nfg5 b5 20. b3 b4 21. Qf3 Be5 22. Rf1 h6 23. Ne6 Bxe6 24. dxe6 g5 25. Nf6+ Bxf6 26. Qxa8 Qe7 27. Qe4 Kg7 28. Rfe1 Be5 29. Qd5 Rf5 30. Kh1 Kg6 31. Rbd1 Kf6 32. Bc1 Qxe6 33. Qxe6+ Kxe6 34. Bb2 Nc6 35. Bxe5 Nxe5 36. Rd5 Ke7 37. a3 a5 38. axb4 axb4 39. Ra1 Rf6 40. Ra7+ Nd7 41. h3 Re6 42. Ra1 Re3 43. Rad1 Re6 44. Kg1 Nf6 45. R5d3 Ne8 46. Kf1 Ng7 47. Re1 Nf5 48. Rxe6+ Kxe6 49. Kf2 h5 50. Kf3 Nd4+ 51. Ke4 Nc6 52. g3 Ne5 53. gxf4 Nxd3 54. Kxd3 Kf5 55. fxg5 Kxg5 56. Ke4 Kh4 57. Kd5 Kxh3 58. Kxd6 h4 59. Kxc5 Kg3 60. Kxb4 h3 61. c5 h2 62. Kb5 h1Q 63. b4 Qb7+ 64. Kc4 Kf4 65. b5 Ke5 66. c6 Qb6 67. Kb4 Kd5 68. Ka4 Kc5 0-1